书目信息 |
| 题名: |
环境工程微生物学
|
|
| 作者: | 李建政 主编 | |
| 分册: | ||
| 出版信息: | 北京 化学工业出版社 2004.6 |
|
| 页数: | 321页 | |
| 开本: | 26cm | |
| 丛书名: | 高等学校环境类教材 | |
| 单 册: | ||
| 中图分类: | X172 | |
| 科图分类: | ||
| 主题词: | 环境科学: 微生物学--高等学校--教材 , 环境科学 , 环境科学 | |
| 电子资源: | ||
| ISBN: | 7-5025-5608-7 | |
| 000 | 00785nam2 2200265 45 | |
| 001 | 012004000000 | |
| 005 | 20121018105604.90 | |
| 010 | @a7-5025-5608-7@dCNY 35.00 | |
| 100 | @a20041009d2004 em y0chiy0121 ea | |
| 101 | 0 | @achi |
| 102 | @aCN@b110000 | |
| 105 | @aak z 000yy | |
| 200 | 1 | @a环境工程微生物学@Ahuan jing gong cheng wei sheng wu xue@f李建政主编 |
| 210 | @a北京@c化学工业出版社@a北京@c教材出版中心@d2004.6 | |
| 215 | @a321页@c图, 表格@d26cm | |
| 225 | 2 | @a高等学校环境类教材 |
| 320 | @a本书含附录和参考文献 | |
| 410 | 0 | @12001 @a高等学校环境类教材 |
| 606 | 0 | @a环境科学: 微生物学@x高等学校@j教材 |
| 606 | 0 | @a环境科学 |
| 606 | 0 | @a环境科学 |
| 690 | @aX172@v4 | |
| 701 | 0 | @a李建政@Ali jian zheng@4主编 |
| 801 | 0 | @aCN@c20061116 |
| 905 | @a10447@dX172@eL180 | |
| 环境工程微生物学/李建政主编.-北京:化学工业出版社;北京:教材出版中心,2004.6 |
| 321页:图, 表格;26cm.-(高等学校环境类教材) |
| ISBN 7-5025-5608-7:CNY 35.00 |
| ● |
| 相关链接 |
|
|
|
正题名:环境工程微生物学
索取号:X172/L180
 
预约/预借
| 序号 | 登录号 | 条形码 | 馆藏地/架位号 | 状态 | 备注 |
| 1 | 439266 | 204392665 | 期刊室512/501自科库 63排5列3层/ [索取号:X172/L180] | 在馆 | |
| 2 | 439267 | 204392674 | 市政与环境工程学院资料室/ [索取号:X172/L180] | 在馆 | |
| 3 | 439268 | 204392683 | 市政与环境工程学院资料室/ [索取号:X172/L180] | 在馆 | |
| 4 | 489556 | 204895569 | 自科二线504/504自科库 17排1列4层/ [索取号:X172/L180] | 在馆 | |
| 5 | 639086 | 206390868 | 自科库501/501自科库 63排5列3层/ [索取号:X172/L180] | 在馆 | |
| 6 | 639087 | 206390877 | 自科库501/501自科库 63排5列3层/ [索取号:X172/L180] | 在馆 | |
| 7 | 639088 | 206390886 | 期刊室512/501自科库 63排5列3层/ [索取号:X172/L180] | 在馆 |